Power system analysis and design (Include CD) (Record no. 180136)
[ view plain ]
| 000 -LEADER | |
|---|---|
| fixed length control field | 01272 a2200253 4500 |
| 003 - CONTROL NUMBER IDENTIFIER | |
| control field | Nust |
| 005 - DATE AND TIME OF LATEST TRANSACTION | |
| control field | 20170207153142.0 |
| 010 ## - LIBRARY OF CONGRESS CONTROL NUMBER | |
| LC control number | 2001052617 |
| 020 ## - INTERNATIONAL STANDARD BOOK NUMBER | |
| International Standard Book Number | 0534953670 (acid-free) |
| 040 ## - CATALOGING SOURCE | |
| Transcribing agency | Nust |
| 082 00 - DEWEY DECIMAL CLASSIFICATION NUMBER | |
| Classification number | 621.319 |
| 100 1# - MAIN ENTRY--PERSONAL NAME | |
| Personal name | Glover, J. Duncan. |
| 245 10 - TITLE STATEMENT | |
| Title | Power system analysis and design (Include CD) |
| Statement of responsibility, etc. | J. Duncan Glover, Mulukutla S. Sarma. |
| 250 ## - EDITION STATEMENT | |
| Edition statement | 3rd ed. |
| 260 ## - PUBLICATION, DISTRIBUTION, ETC. | |
| Place of publication, distribution, etc. | Pacific Grove, CA : |
| Name of publisher, distributor, etc. | Wadsworth/Thomson Learning, |
| Date of publication, distribution, etc. | c2002. |
| 300 ## - PHYSICAL DESCRIPTION | |
| Extent | xiv, 656 p. : |
| Other physical details | ill., maps ; |
| Dimensions | 24 cm. + |
| Accompanying material | 1 computer optical disc (4 3/4 in.) |
| 505 ## - FORMATTED CONTENTS NOTE | |
| Formatted contents note | Introduction (Page-1), Fundamentals (Page-25), Power Transformers (Page-71), Transmission Line Parameters (Page-13), Transmission Lines Steady State Operation (Page-199), Power Flows (Page-250), Symmetrical Faults (Page-319), Symmetrical Components (Page-356), Unsymmetrical Faults (Page-396), System Protection (Page-438), Power System Controls (Page-504), Transmission Lines Transient Operation (Page-547), Transient Stability (Page-608), |
| 538 ## - SYSTEM DETAILS NOTE | |
| System details note | Almirah No.31 Shelf No.3 |
| 650 #0 - SUBJECT ADDED ENTRY--TOPICAL TERM | |
| Topical term or geographic name entry element | Electric circuit analysis. |
| 650 #0 - SUBJECT ADDED ENTRY--TOPICAL TERM | |
| Topical term or geographic name entry element | Electric power systems |
| General subdivision | Design and construction |
| -- | Data processing. |
| 650 #0 - SUBJECT ADDED ENTRY--TOPICAL TERM | |
| Topical term or geographic name entry element | Microcomputers. |
| 651 ## - SUBJECT ADDED ENTRY--GEOGRAPHIC NAME | |
| Geographic name | (Include CD) |
| 700 1# - ADDED ENTRY--PERSONAL NAME | |
| Personal name | Sarma, Mulukutla S., |
| Dates associated with a name | 1938- |
| 942 ## - ADDED ENTRY ELEMENTS (KOHA) | |
| Source of classification or shelving scheme | |
| Koha item type | Book |
| Withdrawn status | Lost status | Source of classification or shelving scheme | Damaged status | Not for loan | Permanent Location | Current Location | Shelving location | Date acquired | Full call number | Barcode | Date last seen | Price effective from | Koha item type | Public note |
|---|---|---|---|---|---|---|---|---|---|---|---|---|---|---|
| Military College of Signals (MCS) | Military College of Signals (MCS) | General Stacks | 12/12/2016 | 621.319,GLO | MCS30880 | 12/08/2016 | 12/12/2016 | Book | Almirah No.29, Shelf No.3 |
